00955cam a22002535a 450000100100000000500170001000800410002702000150006802000180008304000310010108200210013210000230015324501300017626000570030630000350036350000240039865000500042265000520047265300280052470000230055294200080057599900170058395201010060001228433320180321141435.0031120t2004 caua fr 001 0 eng d a1590591259 a9781590591253 aStDuBDSdUkdEG-ScBUEbeng04a005.262222bSAM1 aSam-Bodden, Brian.10aEnterprise Java development on a budget :bleveraging Java Open Source technologies /cBrian Sam-Bodden and Christopher Judd. aBerkeley :bApress ;aNew York :bSpringer,cc.2004. axxii, 609 p. :bill. ;c24 cm. aIndex : p. 579-609. 7aJava (Computer program language)2BUEsh93407 7aApplication softwarexDevelopment.2BUEsh94599 bGGENbCOMSCIcMarch20181 aJudd, Christopher. 2ddc c26384d26356 00102ddc4070aMAINbMAINcLOWd2018-03-21l0o005.262 SAMp000047486r2025-07-15 00:00:00yBB